Normal view
MARC view
- هيزرتش، روبرت/مايكل بتيرز؛ تدقيق وترجمة فاروق منصور
Entry Personal Name
001 - CONTROL NUMBER
- control field: 45445
003 - CONTROL NUMBER IDENTIFIER
- control field: JO-AjAnu
005 - DATE AND TIME OF LATEST TRANSACTION
- control field: 20230606081522.0
008 - FIXED-LENGTH DATA ELEMENTS
- fixed length control field: 230606|| aca||aabn | a|a d
040 ## - CATALOGING SOURCE
- Original cataloging agency: JO-AjAnu
- Transcribing agency: JO-AjAnu
100 ## - HEADING--PERSONAL NAME
- Personal name: هيزرتش، روبرت/مايكل بتيرز؛ تدقيق وترجمة فاروق منصور
670 ## - SOURCE DATA FOUND
- Source citation: Work cat.: (JO-AjAnu)23269: هيزرتش، روبرت/مايكل بتيرز؛ تدقيق وترجمة فاروق منصور, author, تنظيم المشروعات: انشاء مشروع جديد وتطويره وادارنه=Enterpreneurship:Starting,Developing,and Managing a New Enterprise